000 00398nam a2200169Ia 4500
008 230524s9999 xx 000 0 und d
020 _a9780143415145
082 _bSIN
100 _aKhushwant Singh
_941771
245 0 _aBurial at Sea
250 _a1
260 _aNew Delhi
_bPengun
_c2010
300 _a117p;
500 _aQuantity Number: 1
650 _aMisalliance
_941772
942 _cBK
999 _c56208
_d56208